Bonded Labour in India (Record no. 9572)

MARC details
000 -LEADER
fixed length control field 00647nam a2200253 a 4500
020 ## - INTERNATIONAL STANDARD BOOK NUMBER
ISBN 0521784
082 00 - DEWEY DECIMAL CLASSIFICATION NUMBER
Classification number 331
Author Cutter NAI
100 ## - MAIN ENTRY--AUTHOR NAME
Author name Nainta, Rish Pal
245 ## - TITLE STATEMENT
Title Bonded Labour in India
Sub title a Socio-Legal Study
260 ## - PUBLICATION, DISTRIBUTION, ETC. (IMPRINT)
Place of publication Cambridge
Name of publisher Cambridge University Press
Year of publication 1997
300 ## - PHYSICAL DESCRIPTION
Number of Pages 254p
500 ## - GENERAL NOTE
General note includes index and biblioraphy
505 2# - FORMATTED CONTENTS NOTE
Formatted contents note Index
650 ## - SUBJECT ADDED ENTRY--TOPICAL TERM
Topical Term Labour Economics
650 ## - SUBJECT ADDED ENTRY--TOPICAL TERM
Topical Term Bonded Labour
942 ## - ADDED ENTRY ELEMENTS (KOHA)
Koha item type Books
700 1# -
-- Nainta, Rish Pal
Holdings
Collection code Home library Current library Date acquired Cost, normal purchase price Full call number Accession Number Koha item type
  Henry Martyn Institute Library Henry Martyn Institute Library 04/30/2007 500.00 331 NAI 018448 Books
                   Copyright © 2026 | Henry Martyn Institute | Hyderabad | TS-500052 | INDIA | Implemented by hmi.edu.in
Hit-Count:

Powered by Koha